The Abiding word : (Record no. 1440)
[ view plain ]
| 000 -LEADER | |
|---|---|
| fixed length control field | 01290cas a22003371| 4500 |
| 001 - CONTROL NUMBER | |
| control field | 7880054 |
| 003 - CONTROL NUMBER IDENTIFIER | |
| control field | GBCCL |
| 005 - DATE AND TIME OF LATEST TRANSACTION | |
| control field | 20241126110401.0 |
| 008 - FIXED-LENGTH DATA ELEMENTS--GENERAL INFORMATION | |
| fixed length control field | 771007m19461960mou |||||||||||| ||eng| |
| 010 ## - | |
| -- | 47019571 |
| 035 ## - SYSTEM CONTROL NUMBER | |
| System control number | (OCoLC)3326263 |
| 040 ## - CATALOGING SOURCE | |
| Original cataloging agency | DLC |
| Transcribing agency | MnManBS |
| Modifying agency | OCoLC |
| -- | UPB |
| -- | OCoLC |
| -- | DLC |
| 042 ## - | |
| -- | premarc |
| 050 00 - | |
| -- | BT10 |
| -- | .A3 |
| 082 ## - DEWEY DECIMAL CLASSIFICATION NUMBER | |
| Classification number | 230.41 |
| Item number | ABI |
| 245 04 - TITLE STATEMENT | |
| Title | The Abiding word : |
| Remainder of title | an anthology of doctrinal essays. |
| 260 ## - PUBLICATION, DISTRIBUTION, ETC. | |
| Place of publication, distribution, etc. | St. Louis : |
| Name of publisher, distributor, etc. | Concordia Pub. House, |
| Date of publication, distribution, etc. | c1946-1960. |
| 300 ## - PHYSICAL DESCRIPTION | |
| Extent | 3 v. ; |
| Dimensions | 24 cm. |
| 310 ## - | |
| -- | Unknown |
| 500 ## - GENERAL NOTE | |
| General note | At head of title: v. 1-2, Centennial series. |
| 500 ## - GENERAL NOTE | |
| General note | Editor: v. 1-2, T.F.K. Laetsch. |
| 500 ## - GENERAL NOTE | |
| General note | "The essays in [v. 3] were selected by the Literature Board of the Lutheran Church - Missouri Synod from those presented at the District conventions of 1954 and 1955." |
| 504 ## - BIBLIOGRAPHY, ETC. NOTE | |
| Bibliography, etc. note | Includes bibliographies. |
| 590 ## - LOCAL NOTE (RLIN) | |
| Local note | PREMARC/SERLOC merged record |
| 610 20 - SUBJECT ADDED ENTRY--CORPORATE NAME | |
| Corporate name or jurisdiction name as entry element | Lutheran Church. |
| Subordinate unit | Missouri Synod |
| General subdivision | Doctrinal and controversial works. |
| 9 (RLIN) | 2860 |
| 650 #0 - SUBJECT ADDED ENTRY--TOPICAL TERM | |
| Topical term or geographic name entry element | Theology, Doctrinal. |
| 9 (RLIN) | 14 |
| 650 #0 - SUBJECT ADDED ENTRY--TOPICAL TERM | |
| Topical term or geographic name entry element | Lutheran Church |
| General subdivision | Doctrinal and controversial works. |
| 9 (RLIN) | 2861 |
| 700 1# - ADDED ENTRY--PERSONAL NAME | |
| Personal name | Laetsch, Theodore Ferdinand Karl, |
| Dates associated with a name | 1877- |
| Relator term | ed. |
| 9 (RLIN) | 2862 |
| 906 ## - LOCAL DATA ELEMENT F, LDF (RLIN) | |
| a | 7 |
| b | cbc |
| c | oclcrpl |
| d | u |
| e | ncip |
| f | 19 |
| g | y-gencatlg |
| 942 ## - ADDED ENTRY ELEMENTS (KOHA) | |
| Source of classification or shelving scheme | Dewey Decimal Classification |
| Koha item type | Books |
| Koha issues (borrowed), all copies | 1 |
| Withdrawn status | Lost status | Source of classification or shelving scheme | Damaged status | Not for loan | Home library | Current Library | Shelving location | Date acquired | Total checkouts | Full call number | Barcode | Date last seen | Date last checked out | Copy number | Price effective from | Koha item type |
|---|---|---|---|---|---|---|---|---|---|---|---|---|---|---|---|---|
| Dewey Decimal Classification | GRACE BIBLE COLLEGE | GRACE BIBLE COLLEGE | Theology | 2017-05-01 | 1 | 230.41 ABI | 007005 | 2025-05-01 | 2022-04-08 | v.1 c.1 | 2017-05-01 | Books | ||||
| Dewey Decimal Classification | GRACE BIBLE COLLEGE | GRACE BIBLE COLLEGE | Theology | 2017-05-01 | 230.41 ABI | 007006 | 2025-05-01 | v.1 c.2 | 2017-05-01 | Books |